| 000 | 00531nam a22001691i 4500 | ||
|---|---|---|---|
| 001 | 682 | ||
| 090 | _a682 | ||
| 100 | _a20170304u u u0frey50 ba | ||
| 200 | 1 |
_fMaria Montessori _aMontessiri em Família |
|
| 215 |
_a87p _d'21 cm' |
||
| 700 | 1 |
_aMontessori _bMaria _4070 |
|
| 701 | 1 |
_aCorsino _bLeonora Figueiredo _4730 |
|
| 210 |
_cPortugália _aQueluz _d1996 |
||
| 225 | 2 | _aPedagogia | |
| 410 | 0 | _tPedagogia | |
| 996 |
_f0000744 _kMON _m00000000 _n00000000 _aBMVA _b1 _vViana do Alentejo _xEducação. Ensino. Pedagogia _y21 _eLivro _10 _31 |
||
| 990 | _cLIVROS | ||